000 00699nam a2200253Ia 4500
003 OSt
005 20221006143145.0
006 a|||||r|||| 00| 0
007 ta
008 221006b |||||||| |||| 00| 0 eng d
020 _c30.00
024 _a8,184
037 _cTextual
040 _aEASL
_cEASL
_beng
041 _2eng
_aeng
082 _aY73(P498)v44.N75, L8
100 _aPalakshappa T. C.
245 0 _aTibetans in India
_b A case study in mundgod Tibetans
260 _aNew Delhi
_bSterling Publishers
_c1978
300 _a120p.
_ccm.
490 _v Oth
942 _hY73(P498)v44.N75, L8
_cTEXL
_2CC
999 _c1076270
_d1076270